<?xml version="1.0" encoding="UTF-8"?>
<collection xmlns="http://www.loc.gov/MARC21/slim">
 <record>
  <leader>00512pamaa2200145   4500</leader>
  <controlfield tag="001">0000003189</controlfield>
  <controlfield tag="005">20070313090000.0</controlfield>
  <datafield tag="020" ind1="0" ind2="0">
   <subfield code="a">0750694912 </subfield>
  </datafield>
  <datafield tag="090" ind1="0" ind2="0">
   <subfield code="a">RC262 </subfield>
   <subfield code="b">CAN 1997</subfield>
  </datafield>
  <datafield tag="245" ind1="0" ind2="0">
   <subfield code="a">Cancer pain management : </subfield>
   <subfield code="b">principles and prctice  </subfield>
   <subfield code="c">edited by Winston C.V.Parris; forewords by Henry W. Foster, Ronald Melzack.</subfield>
  </datafield>
  <datafield tag="260" ind1="0" ind2="0">
   <subfield code="a">Boston: </subfield>
   <subfield code="b">Butterworth Heinemann, </subfield>
   <subfield code="c">1997.</subfield>
  </datafield>
  <datafield tag="300" ind1=" " ind2=" ">
   <subfield code="a">xxiv, 596p.: </subfield>
   <subfield code="b">26cm.</subfield>
  </datafield>
  <datafield tag="650" ind1="0" ind2="0">
   <subfield code="a">Cancer pain -- </subfield>
   <subfield code="x">Treatment </subfield>
  </datafield>
  <datafield tag="650" ind1="0" ind2="0">
   <subfield code="a">Cancer -- </subfield>
   <subfield code="x">Palliative treatment </subfield>
  </datafield>
  <datafield tag="700" ind1="1" ind2="1">
   <subfield code="a">Parris, </subfield>
   <subfield code="h">Winston C.V. </subfield>
  </datafield>
 </record>
</collection>
